| Поле | Инд. | ПП | Название | Значение |
|---|---|---|---|---|
| Тип записи | a | |||
| Библиографический уровень | m | |||
| 001 | Контрольный номер | RU/IS/BASE/413311258 | ||
| 005 | Дата корректировки | 20250625172228.9 | ||
| 008 | Кодируемые данные | 20130204 | ||
| 022 | 0_ | a | ISSN | 1609-4646 |
| 041 | a | Код языка текста | rus | |
| 084 | a | Индекс другой классификации/Индекс ББК | 74.53; 74.40; 74.48(2Рос); 74.044.2; 74.409; 88.840.302; 74.24; 74.200.544 | |
| 090 | a | Полочн. индекс | 95.2 | |
| 099 | a | Индекс | 87887 | |
| 245 | 10 | a | Заглавие | Инновации в образовании |
| n | Номер части/ раздела | №1/2013 | ||
| c | Ответственность | учредитель: Современная гуманитарная академия; гл. ред. И. В. Сыромятников | ||
| 260 | c | Дата издания | 2013 | |
| b | Издательство | Современный Гуманитарный Университет | ||
| a | Место издания | Москва | ||
| 300 | a | Объем | 126 с. | |
| 500 | a | Примечание | Журнал | |
| 504 | a | Библиография | Библиогр. в конце статьи | |
| 505 | a | Форматированное содержание | Проблемы интеграции субъектов профессионального образования в современных условиях | |
| b | Автор | Лещенко С. И. | ||
| b | Автор | Перминов В. Л. | ||
| 505 | 0_ | a | Форматированное содержание | Организация познавательной деятельности младших школьников |
| b | Автор | Сагдиева И. Т. | ||
| 505 | 0_ | a | Форматированное содержание | Инновации регионального образования: обеспечение медиабезопасности школьников |
| 505 | 0_ | a | Форматированное содержание | Динамика экзаменационной тревожности у старшеклассников |
| b | Автор | Стрижиус Е. И. | ||
| 505 | 0_ | a | Форматированное содержание | Модель профильной подготовки педагога для работы с детьми с задержкой психического развития |
| b | Автор | Лапп Е. А. | ||
| 505 | 0_ | a | Форматированное содержание | Особенности реализации метапредметного принципа при подготовке педагогических кадров в вузе |
| b | Автор | Мухамедьярова Н. А. | ||
| 505 | 0_ | a | Форматированное содержание | Содержание образования на основе компетентностного подхода |
| b | Автор | Маторина О. П. | ||
| b | Автор | Соколова О. А. | ||
| 505 | 0_ | a | Форматированное содержание | Социально-гуманитарное образование в высшей школе: концептуальные основы и пути реализации |
| b | Автор | Куиш А. Л. | ||
| 505 | 0_ | a | Форматированное содержание | Внедрение комплекса педагогических условий в практику подготовки студентов строительного вуза |
| b | Автор | Круне Т. И. | ||
| 505 | 0_ | a | Форматированное содержание | Основные подходы к трактовке качества образования в России и за рубежом |
| b | Автор | Бурлакова И. И. | ||
| 505 | 0_ | a | Форматированное содержание | Методы оптимизации образовательного процесса в магистратуре |
| b | Автор | Марченко И. П. | ||
| 530 | a | Примеч. о доп. формах | оглавление | |
| 650 | 14 | a | Основная рубрика | высшее образование |
| a | Основная рубрика | коррекционная педагогика (специальная педагогика) | ||
| a | Основная рубрика | образование | ||
| a | Основная рубрика | общее образование (школьное образование) | ||
| a | Основная рубрика | педагогическая психология | ||
| a | Основная рубрика | педагогическое образование | ||
| a | Основная рубрика | профессиональное образование | ||
| a | Основная рубрика | психология | ||
| a | Основная рубрика | школоведение | ||
| 653 | a | Ключевые слова | бакалавриат | |
| a | Ключевые слова | внеучебная работа | ||
| a | Ключевые слова | двухуровневая система высшего образования | ||
| a | Ключевые слова | дети с нарушениями развития | ||
| a | Ключевые слова | дефектология | ||
| a | Ключевые слова | дефицит трудовых ресурсов | ||
| a | Ключевые слова | динамический подход | ||
| a | Ключевые слова | информационная безопасность | ||
| a | Ключевые слова | информационная компетентность | ||
| a | Ключевые слова | качество образования | ||
| a | Ключевые слова | компетентностный подход | ||
| a | Ключевые слова | коуч-инжиниринг | ||
| a | Ключевые слова | магистратура | ||
| a | Ключевые слова | медиабезопасность | ||
| a | Ключевые слова | метапредметные компетенции | ||
| a | Ключевые слова | методика преподавания | ||
| a | Ключевые слова | младшие школьники | ||
| a | Ключевые слова | младший школьный возраст | ||
| a | Ключевые слова | модернизация образования | ||
| a | Ключевые слова | образовательные инновации | ||
| a | Ключевые слова | образовательный процесс | ||
| a | Ключевые слова | объем знаний | ||
| a | Ключевые слова | оптимизация обучения | ||
| a | Ключевые слова | подготовка дефектологов | ||
| a | Ключевые слова | подготовка педагогических кадров | ||
| a | Ключевые слова | подростковый возраст | ||
| a | Ключевые слова | познавательная деятельность | ||
| a | Ключевые слова | профессиональная компетентность | ||
| a | Ключевые слова | ресурсные центры | ||
| a | Ключевые слова | Россия | ||
| a | Ключевые слова | рынок труда | ||
| a | Ключевые слова | синергетический эффект | ||
| a | Ключевые слова | содержание образования | ||
| a | Ключевые слова | социально-гуманитарное образование | ||
| a | Ключевые слова | социально-гуманитарные дисциплины | ||
| a | Ключевые слова | специалитет | ||
| a | Ключевые слова | старшеклассники | ||
| a | Ключевые слова | строительное образование | ||
| a | Ключевые слова | Татарстан | ||
| a | Ключевые слова | трудовые ресурсы | ||
| a | Ключевые слова | усвоение знаний | ||
| a | Ключевые слова | факторный анализ | ||
| a | Ключевые слова | экзаменационная тревожность | ||
| a | Ключевые слова | этнокультура | ||
| a | Ключевые слова | этнокультурное воспитание | ||
| 700 | a | Автор | Бурлакова И. И. | |
| q | Полное имя | Бурлакова Ирина Ивановна | ||
| 700 | 1_ | a | Автор | Стрижиус Е. И. |
| q | Полное имя | Стрижиус Елена Ивановна | ||
| 700 | 1_ | a | Автор | Соколова О. А. |
| q | Полное имя | Соколова Ольга Александровна | ||
| 700 | 1_ | a | Автор | Сагдиева И. Т. |
| q | Полное имя | Сагдиева Ильсия Талгатовна | ||
| 700 | 1_ | a | Автор | Прохорова С. Ю. |
| q | Полное имя | Прохорова Светлана Юрьевна | ||
| 700 | 1_ | a | Автор | Перминов В. Л. |
| q | Полное имя | Перминов Василий Леонидович | ||
| 700 | 1_ | a | Автор | Мухамедьярова Н. А. |
| q | Полное имя | Мухамедьярова Наталья Андреевна | ||
| 700 | 1_ | a | Автор | Маторина О. П. |
| q | Полное имя | Маторина Октябрина Павловна | ||
| 700 | 1_ | a | Автор | Марченко И. П. |
| q | Полное имя | Марченко Иван Петрович | ||
| 700 | 1_ | a | Автор | Лещенко С. И. |
| q | Полное имя | Лещенко Сергей Иосифович | ||
| 700 | 1_ | a | Автор | Лапп Е. А. |
| q | Полное имя | Лапп Елена Александровна | ||
| 700 | 1_ | a | Автор | Куиш А. Л. |
| q | Полное имя | Куиш Александр Леонтьевич | ||
| 700 | 1_ | a | Автор | Круне Т. И. |
| q | Полное имя | Круне Татьяна Ивановна | ||
| 773 | 08 | w | Контрольный № источника | RU/IS/BASE/404489067 |
| 900 | a | Имя электронного ресурса | ~p_innov_obraz_1_13 | |
| x | Справочная информация | Оглавление | ||
| 901 | t | Тип документа | s | |
| 952 | a | Тип литературы для КСУ ВШ | НЖ | |
| 991 | s | 6 |